ʻArsh o farsh (Record no. 330079)

000 -LEADER
fixed length control field 01183cam a22003137a 4500
001 - CONTROL NUMBER
control field 11870603
003 - CONTROL NUMBER IDENTIFIER
control field NUST
005 - DATE AND TIME OF LATEST TRANSACTION
control field 20170623092404.0
007 - PHYSICAL DESCRIPTION FIXED FIELD--GENERAL INFORMATION
fixed length control field hduafb---bacp
007 - PHYSICAL DESCRIPTION FIXED FIELD--GENERAL INFORMATION
fixed length control field hdubfb---baap
008 - FIXED-LENGTH DATA ELEMENTS--GENERAL INFORMATION
fixed length control field 990618s1944 ii a 000 0 urd
010 ## - LIBRARY OF CONGRESS CONTROL NUMBER
LC control number 99942706
025 ## - OVERSEAS ACQUISITION NUMBER
Overseas acquisition number NBIL-51296
035 ## - SYSTEM CONTROL NUMBER
System control number (DLC) 99942706
040 ## - CATALOGING SOURCE
Original cataloging agency DLC
Transcribing agency DLC
Modifying agency DLC
042 ## - AUTHENTICATION CODE
Authentication code lcode
082 ## - DEWEY DECIMAL CLASSIFICATION NUMBER
Classification number 891.4391
Author Mark ABA
100 0# - MAIN ENTRY--PERSONAL NAME
Personal name Josh Malīḥābādī,
Dates associated with a name 1898-1982.
9 (RLIN) 2124
245 10 - TITLE STATEMENT
Title ʻArsh o farsh
Statement of responsibility, etc. Josh Malīḥābādī.
260 ## - PUBLICATION, DISTRIBUTION, ETC.
Place of publication, distribution, etc. Karachi :
Name of publisher, distributor, etc. Albilal book center,
Date of publication, distribution, etc. 2010.
300 ## - PHYSICAL DESCRIPTION
Extent 192 p. ;
Dimensions 22 cm.
500 ## - GENERAL NOTE
General note Poems.
546 ## - LANGUAGE NOTE
Language note In Urdu.
650 ## - SUBJECT ADDED ENTRY--TOPICAL TERM
Topical term or geographic name entry element Urdu Literature- Poems
9 (RLIN) 1989
880 ## - ALTERNATE GRAPHIC REPRESENTATION
Title جوش ملیح آبادی
Linkage 100-01\(3\r
880 ## - ALTERNATE GRAPHIC REPRESENTATION
Title عرش و فرش:
Linkage 245-02\(3r
b از زمیں تا بہ آسماں سخن است
c جوش ملیح آبادی
880 ## - ALTERNATE GRAPHIC REPRESENTATION
Title کراچی:
Linkage 260-03\(3\r
b البلال بک سینٹر،
c 2010.
906 ## - LOCAL DATA ELEMENT F, LDF (RLIN)
a 7
b cbc
c origode
d 5
e ncip
f 19
g y-genmicro
942 ## - ADDED ENTRY ELEMENTS (KOHA)
Source of classification or shelving scheme
Koha item type Book
Holdings
Withdrawn status Lost status Source of classification or shelving scheme Damaged status Not for loan Permanent Location Current Location Shelving location Date acquired Total Checkouts Full call number Barcode Date last seen Date last checked out Copy number Price effective from Koha item type
          Central Library (CL) Central Library (CL) Fiction 06/07/2017 1 891.4391 ABA CL1948 01/31/2023 05/14/2018 1 06/07/2017 Book
© 2023 Central Library, National University of Sciences and Technology. All Rights Reserved.